General Knowledge Multiple Choice - Statistics

General Stats
  • This quiz has been taken 42 times
  • The average score is 5 of 11
Answer Stats
Question Answer % Correct
What are the first three digits of Pi? 3.14
67%
What is the first letter of the Hebrew alphabet? Aleph
67%
What is the scientific name for a cow? Bovine
67%
Which boat is famous for having sunk the fastest? Lusitania
67%
What type of organelle in an animal cell provides energy? Mitochondria
67%
What is the name for the aquatic dinosaur that was given a simple name that scientist new so little about? Predator X
67%
Of the different different prefixes (kilo, giga ect.), which one is the largest? Yotta
33%
What is the 6th letter of the Greek alphabet? Zeta
33%
Which of the dwarf planets found in our solar system is the smallest? Ceres
0%
In Minecraft, what ore is commonly used for improving enchanting? Lapis Lazuli
0%
What is the warmest planet in the solar system? Venus
0%
No matching quizzes found
Score Distribution
Percent of People with Each Score
Percentile by Number Answered
Your Score History
You have not taken this quiz